[Event "It (cat.12)"]
[Site "masterchessopen.com Pulvermuehle (Germany)"]
[Date "2006.02.28"]
[Round "4"]
[White "Braun Arik (GER)"]
[Black "Prusikin Michael (GER)"]
[Result "0-1"]
[WhiteElo "2525"]
[BlackElo "2560"]

{ } 1.d4 Nf6 2.c4 e6 3.Nc3 Bb4 4.f3 d5 5.a3 Bxc3+ 6.bxc3 c5 7.cxd5 Nxd5 8.dxc5
Qa5 9.e4 Ne7 { ? } ( 9...Nf6 10.Be3 O-O 11.Qb3 Nfd7 12.Qb4 Qc7 13.Rd1 Nc6
14.Qa4 Nce5 15.Qd4 Nc6 16.Qa4 Nce5 17.Qd4 Nc6 { 1/2-1/2, Timman Jan H 2630 -
Karpov Anatoly 2730 , Tilburg 1991 It (cat.17) } ) 10.Be3 O-O 11.Qb3 { ? }
11...Bd7 { +0.44 CAP } ( 11...Qc7 12.a4 Nec6 13.f4 Nd7 14.Nf3 Na5 15.Qa3 b6
16.cxb6 axb6 17.Nd2 Nf6 18.Be2 Ba6 19.Qb4 Bxe2 20.Kxe2 Rfd8 21.Rhd1 Ng4
22.Bxb6 Qxf4 23.h3 Qg3 24.hxg4 Qxg2+ 25.Bf2 Nc6 26.Qb5 Qxg4+ 27.Ke1 Ne7 28.Qe2
Qf4 29.Nc4 Rxd1+ 30.Rxd1 h5 31.Nb6 { ...1-0, Sakaev Konstantin 2649 - Emms
John M 2430 , Leningrad 1990 It } ) 12.Kf2 { N } ( 12.Nh3 Na6 13.Be2 Rfc8
14.O-O Nxc5 15.Qb4 Qc7 16.Rad1 Be8 17.c4 b6 18.Qb2 e5 19.f4 f6 20.fxe5 fxe5
21.Bg4 Rd8 22.Rxd8 Rxd8 23.Ng5 Qd6 24.Qf2 Ng6 25.Bxc5 Qxc5 26.Be6+ Kh8 27.Qxc5
bxc5 28.Bd5 Rb8 29.Ne6 Rb2 30.Nxc5 Nf4 31.Nd3 Rxg2+ { ...1-0, Crouch Colin S
2395 - Lalic Susan 2375 , Isle of Man 1994 It (open) } ) ( 12.Qb4 Qc7 13.a4
Nbc6 14.Qa3 f5 15.Rd1 fxe4 16.fxe4 Qe5 17.Bd3 Nd5 18.Bd2 Nf4 19.Bxf4 Qxf4
20.Nf3 Ne5 21.Be2 Rad8 22.Rf1 Ng4 23.g3 Qxe4 24.Rd4 Qb1+ 25.Kd2 Qg6 26.h4 Bc6
27.Bd3 Be4 28.c4 Rxd4 29.Nxd4 Qh6+ 30.Kc3 Rxf1 31.Bxe4 Qe3+ { ...0-1, Ballon
Guenther Jan 2195 - Conquest Stuart 2505 , Isle of Man 1994 It (open) } ) (
12.Rb1 Nbc6 13.Bb5 Rad8 14.Ne2 e5 15.O-O a6 16.Bc4 Bc8 17.f4 exf4 18.Bd4 Ng6
19.Nxf4 Nxf4 20.Rxf4 Nxd4 21.cxd4 Rxd4 22.Bxf7+ Kh8 23.Rc1 Qc7 24.Qf3 Rd7
25.Rf1 Qxc5+ 26.Kh1 Rdd8 27.Ba2 Rxf4 28.Qxf4 Qxa3 29.Qf7 b5 30.Bb1 Qc5 31.e5
Qc4 { ...1-0, Pitkanen Juhani - Haapasalo Matti, corr. 1979 } ) 12...Nbc6
13.Ne2 f5 { ?! } ( 13...Qc7 { !? } 14.Nf4 Rad8 15.Kg1 Na5 { } ) 14.Rd1 Be8
15.Kg1 { ?! } ( 15.Nd4 { !? } 15...fxe4 16.Bc4 Nxd4 17.cxd4 { } ) 15...fxe4
16.fxe4 Kh8 17.Ng3 Ne5 { ? } ( 17...Rd8 18.Be2 Rxd1+ 19.Bxd1 Nd8 { } ) 18.Qxb7
Ba4 19.Rc1 Ng4 20.Qxe7 { ? } ( 20.Bd4 Qd8 21.Be2 Bc6 22.Qa6 { } ) 20...Nxe3
21.Nh5 { ? } ( { ? } 21.h4 Ng4 22.Nh5 Rf7 23.Qg5 { } ) 21...Qxc3 22.h3 { ?! }
( 22.h4 { !? } 22...Rxf1+ 23.Rxf1 Nxf1 24.Kxf1 { } ) 22...Rxf1+ 23.Rxf1 Nxf1
24.Kxf1 Qd4 25.Ke2 Qxe4+ 26.Kf2 Qf5+ { } {#R} 0-1

[Event "Tournament \"]
[Site "masterchessopen.com corr."]
[Date "2006.03.15"]
[Round "0"]
[White "Habermehl Tobias"]
[Black "Isigkeit Hans Juergen"]
[Result "1-0"]
[WhiteElo "2241"]
[BlackElo "1979"]

1.d4 Nf6 2.c4 e6 3.Nc3 Bb4 4.f3 d5 5.a3 Bxc3+ 6.bxc3 c5 7.cxd5 Nxd5 8.dxc5 Qa5
9.e4 Nf6 10.Be3 O-O 11.Qb3 Qc7 12.a4 Nbd7 13.Qb4 Nb8 14.Nh3 e5 15.Nf2 Nc6
16.Qb5 Na5 17.Be2 Be6 18.O-O Nd7 19.Rfd1 Rac8 20.Nd3 h6 21.Bf2 Rfd8 22.Rab1
Bc4 23.Qb4 Nb8 24.Qb2 Na6 25.Nb4 Nxc5 26.Bxc4 Nxc4 27.Qa2 Rxd1+ 28.Rxd1 Na5
29.Nd5 Qd8 30.Qe2 b6 31.f4 exf4 32.Qg4 Rb8 33.Bh4 g5 34.Qf5 Kg7 35.Bf2 Nab3
36.h4 Rc8 37.hxg5 hxg5 38.c4 Rc6 39.Be1 Nxa4 40.Rd3 Nc1 41.Rh3 {#r} 1-0

[Event "Ch Italy (team)"]
[Site "masterchessopen.com Porto San Giorgio (Italy)"]
[Date "2006.04.22"]
[Round "3"]
[White "De Val Daniele (ITA)"]
[Black "Malloni Marcello (ITA)"]
[Result "0-1"]
[WhiteElo "2182"]
[BlackElo "2278"]

1.d4 Nf6 2.c4 e6 3.Nc3 Bb4 4.f3 d5 5.a3 Bxc3+ 6.bxc3 c5 7.cxd5 Nxd5 8.Qd2 f5
9.e3 Nc6 10.Bc4 O-O 11.Nh3 b6 12.O-O Na5 13.Ba2 Ba6 14.Re1 Bc4 15.e4 fxe4
16.fxe4 Nf6 17.Ng5 Qc8 18.e5 Nd5 19.Bxc4 Nxc4 20.Qd3 Rf5 21.Qxc4 cxd4 22.Qxc8+
Rxc8 23.g4 Rxg5 24.Bxg5 dxc3 25.Rad1 h6 26.Bc1 b5 27.Kf1 a5 28.Ke2 b4 29.Rxd5
exd5 30.axb4 axb4 31.Kd3 b3 32.Ba3 d4 33.e6 b2 34.Kxd4 Ra8 35.e7 Kf7 36.Rf1+
Ke6 37.Kc4 Kd7 38.Kb3 {#R} 0-1

[Event "Ch Italy (team)"]
[Site "masterchessopen.com Porto San Giorgio (Italy)"]
[Date "2006.04.23"]
[Round "5"]
[White "De Val Daniele (ITA)"]
[Black "Brunello Sabino (ITA)"]
[Result "0-1"]
[WhiteElo "2182"]
[BlackElo "2460"]

1.d4 Nf6 2.c4 e6 3.Nc3 Bb4 4.f3 d5 5.a3 Bxc3+ 6.bxc3 c5 7.cxd5 Nxd5 8.Qd2 f5
9.e3 O-O 10.Nh3 Nc6 11.Bb2 Na5 12.Rb1 cxd4 13.cxd4 Bd7 14.Bd3 Nb3 15.Qe2 Qa5+
16.Kf2 Nd2 17.Rbd1 Ne4+ 18.Kg1 Nec3 19.Qe1 Rac8 20.Rc1 {#R} 0-1

[Event "Memorial F.Pripis"]
[Site "masterchessopen.com Moscow (Russia)"]
[Round "0"]
[White "Konovalov Nikolay (RUS)"]
[Black "Bagirov Rufat (AZE)"]
[Result "0-1"]
[WhiteElo "2443"]
[BlackElo "2504"]

1.d4 d5 2.c4 e6 3.Nc3 Bb4 4.a3 Bxc3+ 5.bxc3 Nf6 6.f3 c5 7.cxd5 exd5 8.e3 Bf5
9.Ne2 Nc6 10.g4 Be6 11.Nf4 h6 12.Bd3 Qc7 13.Nxe6 fxe6 14.Bg6+ Kd7 15.O-O Rad8
16.Bd2 Kc8 17.Be1 Rd7 18.Bg3 Qa5 19.Qe2 c4 20.Rac1 b6 21.e4 Kb7 22.e5 Ne8
23.f4 Qxa3 24.f5 Nc7 25.Bh4 Ne7 26.Bh5 Rf8 27.f6 Nc6 28.Qd2 Nb5 29.fxg7 Rxf1+
30.Kxf1 Rxg7 31.Qxh6 Rc7 32.Be1 Nbxd4 33.Qf4 Nf3 34.Bg3 Qb2 35.Rd1 Qxc3 36.g5
Nfd4 37.Bg4 Qb2 38.Bf2 Nf5 39.g6 c3 40.Bxf5 exf5 41.e6 c2 42.Rc1 Ne5 43.Bg3
Rc4 44.g7 Rxf4+ 45.Bxf4 Nd3 46.Bh6 f4 {#R} 0-1

[Event "Tournament (juniors)"]
[Site "masterchessopen.com Lublin (Poland)"]
[Date "2006.07.13"]
[Round "8"]
[White "Moranda Wojciech (POL)"]
[Black "Rewasiewicz Milosz (POL)"]
[Result "1-0"]
[WhiteElo "2462"]
[BlackElo "1855"]

1.d4 Nf6 2.c4 e6 3.Nc3 Bb4 4.f3 d5 5.a3 Bxc3+ 6.bxc3 c5 7.cxd5 Nxd5 8.dxc5 Qa5
9.e4 Nf6 10.Be3 Qxc3+ 11.Kf2 Nc6 12.Ne2 O-O {#r} 1-0

[Event "It (open) (b)"]
[Site "masterchessopen.com Bratto (Italy)"]
[Date "2006.08.21"]
[Round "2"]
[White "La Manna Andrea (ITA)"]
[Black "Madiai Federico (ITA)"]
[Result "1-0"]
[WhiteElo "2189"]
[BlackElo "2216"]

1.d4 Nf6 2.c4 e6 3.Nc3 Bb4 4.f3 d5 5.a3 Bxc3+ 6.bxc3 c5 7.cxd5 Nxd5 8.Qd3 Nc6
9.e4 Nb6 10.dxc5 Qxd3 11.Bxd3 Na4 12.Be3 a6 13.Ne2 Nb2 14.Bc2 e5 15.Bb3 g5
16.Rb1 Nd3+ 17.Kd2 Nf4 18.Nxf4 gxf4 19.Bf2 Ke7 20.g3 Na5 21.Bd5 Rd8 22.gxf4
Be6 23.Bh4+ f6 24.fxe5 Nc4+ 25.Ke2 Bxd5 26.Bxf6+ Ke6 27.Bxd8 Bc6 28.Rhd1 {#r}
1-0

[Event "Ch France (accession)"]
[Site "masterchessopen.com Besancon (France)"]
[Date "2006.08.24"]
[Round "9"]
[White "Terrieux Kevin (FRA)"]
[Black "Bleunven Andre (FRA)"]
[Result "1-0"]
[WhiteElo "2345"]
[BlackElo "2298"]

1.d4 Nf6 2.c4 e6 3.Nc3 Bb4 4.f3 d5 5.a3 Bxc3+ 6.bxc3 c5 7.cxd5 Nxd5 8.dxc5 Qa5
9.e4 Ne7 10.Be3 Nd7 11.Qb3 O-O 12.Bb5 Qc7 13.Qb4 Ne5 14.Nh3 N5c6 15.Qb2 e5
16.Nf2 Be6 17.O-O Na5 18.Rad1 Rac8 19.Rd6 b6 20.Rfd1 bxc5 21.Qe2 Rb8 22.a4 Nc8
23.Rxe6 fxe6 24.Rd7 Qb6 25.Nd3 Nb7 26.Qf2 Rd8 27.Rxg7+ Kxg7 28.Qg3+ Kh8
29.Qxe5+ Kg8 30.Qg3+ Kh8 31.Bf4 {#r} 1-0

[Event "It (open)"]
[Site "masterchessopen.com Winterthur (Switzerland)"]
[Date "2006.10.09"]
[Round "4"]
[White "Galyas Miklos (HUN)"]
[Black "Malakhatko Vadim (BEL)"]
[Result "1-0"]
[WhiteElo "2428"]
[BlackElo "2617"]

{ Galyas Miklos (HUN) +1 =0 -0 } 1.d4 Nf6 2.c4 e6 3.Nc3 Bb4 4.f3 d5 5.a3 Bxc3+
6.bxc3 c5 7.cxd5 exd5 8.e3 { ?/= } 8...Qc7 9.Ne2 ( 9.Ra2 Bf5 10.g4 Be6 11.Ne2
Nc6 12.Nf4 O-O-O 13.g5 Nd7 14.Bd3 Kb8 15.O-O Nb6 16.a4 Na5 17.Rg2 Ka8 18.Bc2
Nbc4 19.Re1 g6 20.Kh1 Nc6 21.Bd3 Qa5 22.Bxc4 dxc4 23.Bd2 cxd4 24.exd4 Bd5
25.Rg3 Rhe8 26.Rh3 Rxe1+ 27.Qxe1 a6 28.Kg2 Rh8 { ...1-0, Shirov Alexei 2580 -
Lerner Konstantin Z 2560 , Lvov 1990 Zt } ) 9...O-O ( 9...Nc6 10.dxc5 O-O
11.Nf4 Qa5 12.Qb3 Qxc5 13.Be2 Bd7 14.Kf2 Na5 15.Qb4 Rac8 16.Rd1 Rfe8 17.Ra2
Nc4 18.Rd4 Nb6 19.Bd2 Ba4 20.Rb2 Qxb4 21.axb4 a6 22.b5 Nc4 23.Bxc4 dxc4
24.bxa6 bxa6 25.Rb6 Bb5 26.e4 Rb8 27.Rbd6 Rb7 28.Bc1 Nd7 29.Ba3 { ...1-0,
Volkov Sergey Viktorovich 2624 - Istratescu Andrei 2593 , Korinthos 2002 It
(open) } ) ( 9...h5 10.c4 cxd4 11.Nxd4 O-O 12.cxd5 Nxd5 13.Qb3 Nd7 14.e4 Nf4
15.Nb5 Qb8 16.Qc3 Ne6 17.Bc4 Nb6 18.Bxe6 { 1/2-1/2, Moskalenko Viktor 2508 -
Suba Mihai 2487 , Alicante 2000 It (open) } ) ( 9...cxd4 10.cxd4 Bf5 11.g4 Bc2
12.Qd2 h6 13.a4 Bh7 14.Ba3 Nc6 15.Nc3 a6 16.Rc1 Qa5 17.Be2 O-O-O 18.Qb2 Rhe8
19.Kf2 Re6 20.Bc5 Rd7 21.Bb6 Qb4 22.Qxb4 Nxb4 23.Nxd5+ Nc2 24.Nxf6 Rxf6 25.Bc5
b6 26.Bd1 bxc5 27.Bxc2 Bxc2 28.Rxc2 Rb6 29.Rxc5+ { ...1-0, Moskalenko Viktor
2508 - Mitkov Nikola 2532 , Sitges 2000 It (open) } ) 10.g4 { -0.04 CAP } (
10.Ng3 Re8 11.Ra2 Nc6 12.Be2 Na5 13.O-O Bd7 14.Re1 Rac8 15.Bd3 a6 16.Rae2 Qb6
17.Kh1 cxd4 18.cxd4 Rc3 19.Bb2 Rb3 20.Qd2 Bb5 21.Bxb5 Qxb5 22.Bc1 Nc4 23.Qa2
Rd3 24.Nf1 Qa4 25.Bb2 b5 26.e4 dxe4 27.fxe4 Rd1 28.e5 Nd5 29.Nd2 Qc2 { ...0-1,
Kilpi Teemu 2161 - Oll Lembit 2600 , Helsinki 1992 It (open) } ) 10...b6 { N }
( 10...Re8 11.g5 ( 11.Bg2 Nc6 12.O-O h6 13.Nf4 cxd4 14.cxd4 b6 15.h4 Ba6 16.g5
Bxf1 17.Kxf1 hxg5 18.hxg5 Nh7 19.Nxd5 Qd7 20.f4 Rac8 21.Bd2 Ne7 22.Nxe7+ Rxe7
23.Qb3 Qf5 24.Kg1 Rec7 25.e4 Qg4 26.Qh3 Qe2 27.Qe3 Qb5 28.e5 Qb2 29.Rf1 Rc4
30.d5 { ...1/2-1/2, Moskalenko Viktor 2508 - Mascaro March Pedro 2221 ,
Mallorca 2000 It (open) } ) 11...Nh5 12.Kf2 Qe7 13.h4 Nd7 14.Bh3 g6 15.Bg4 Ng7
16.h5 cxd4 17.cxd4 Nb6 18.hxg6 fxg6 19.Qg1 Bxg4 20.Qxg4 Nf5 21.Nf4 Rac8 22.Nh5
Rc2+ 23.Kg1 Nxe3 24.Nf6+ Qxf6 25.Bxe3 Qe6 26.Qxe6+ Rxe6 27.Bf4 Ree2 28.Rh2
Rxh2 29.Bxh2 Nc4 30.Bf4 { ...0-1, Avila Jimenez Javier 2238 - Suba Mihai 2512
, Albacete 2. 9.2005 It (open) } ) 11.Bg2 Nc6 12.O-O Ba6 13.Rf2 Bc4 14.g5 Nd7
15.e4 dxe4 16.fxe4 Rad8 17.Nf4 Ne7 18.Be3 Rfe8 19.Qf3 Nf8 20.Bf1 cxd4 21.cxd4
Bxf1 22.Raxf1 Neg6 23.Nh5 Rd7 24.Ng3 Qc3 25.Nf5 Qxa3 26.h4 Rc8 { ? } (
26...Qd3 27.e5 { } ) 27.h5 Rc3 28.hxg6 hxg6 29.Rh2 gxf5 30.Qh5 Ng6 31.exf5 Rc2
32.Rh3 { } {#r} 1-0

[Event "It (open)"]
[Site "masterchessopen.com Arco (Italy)"]
[Date "2006.10.22"]
[Round "2"]
[White "Loi Andrea (ITA)"]
[Black "Vezzosi Paolo (ITA)"]
[Result "0-1"]
[WhiteElo "2069"]
[BlackElo "2311"]

1.d4 Nf6 2.c4 e6 3.Nc3 Bb4 4.f3 d5 5.a3 Bxc3+ 6.bxc3 c5 7.cxd5 Nxd5 8.Qd3 cxd4
9.cxd4 O-O 10.e4 Ne7 11.h4 b6 12.Be3 Ba6 13.Qd2 Bxf1 14.Kxf1 f5 15.e5 Nd5
16.Ne2 Nc6 17.Rd1 Na5 18.Bg5 Qd7 19.Qd3 Rac8 20.Kf2 Qa4 21.Qa6 Qc4 22.Qxc4
Rxc4 23.Nf4 Nxf4 24.Bxf4 Nb3 25.Be3 f4 26.Bc1 Rc2+ 27.Kg1 {#R} 0-1

[Event "It (open)"]
[Site "masterchessopen.com Arco (Italy)"]
[Date "2006.10.27"]
[Round "7"]
[White "La-Manna Francesco (ITA)"]
[Black "Vezzosi Paolo (ITA)"]
[Result "1-0"]
[WhiteElo "2119"]
[BlackElo "2311"]

1.d4 Nf6 2.c4 e6 3.Nc3 Bb4 4.f3 d5 5.a3 Bxc3+ 6.bxc3 c5 7.cxd5 Nxd5 8.dxc5 f5
9.Nh3 Qa5 10.e4 fxe4 11.fxe4 Qxc3+ 12.Bd2 Qe5 13.Bb5+ Bd7 14.Bxd7+ Nxd7 15.O-O
N5f6 16.Bb4 Nxc5 17.Rc1 b6 18.Bc3 Qxe4 19.Bxf6 gxf6 20.Rxf6 Ke7 21.Rf7+ {#r}
1-0

[Event "Ch Region (1 liga)"]
[Site "masterchessopen.com Samara (Russia)"]
[Date "2006.12.10"]
[Round "4"]
[White "Demin Dmitry (RUS)"]
[Black "Avanesyan Georgy (RUS)"]
[Result "0-1"]
[WhiteElo "1714"]
[BlackElo "1979"]

1.c4 Nf6 2.Nc3 e6 3.d4 Bb4 4.f3 d5 5.a3 Bxc3+ 6.bxc3 c5 7.cxd5 Nxd5 8.dxc5 Qa5
9.e4 Nc7 10.Qd4 O-O 11.Qb4 Nc6 12.Qxa5 Nxa5 13.Bf4 Na6 14.Bd6 Rd8 15.Bxa6 bxa6
16.Bc7 Nb3 17.Bxd8 Nxa1 18.c6 Rb8 19.Kf2 Rb1 20.g4 Nc2 21.Kg2 Ne3+ 22.Kf2 Nd1+
23.Kg2 Rb2+ 24.Kg3 Nf2 25.Kg2 Nxe4+ 26.Ne2 Nxc3 27.Kh3 Nxe2 28.Rd1 Nf4+ 29.Kg3
e5 {#R} 0-1

[Event "Cup Rilton"]
[Site "masterchessopen.com Stockholm (Sweden)"]
[Date "2007.01.02"]
[Round "6"]
[White "Hillarp Persson Tiger (SWE)"]
[Black "Berczes David (HUN)"]
[Result "0-1"]
[WhiteElo "2567"]
[BlackElo "2430"]

{ Hillarp Persson Tiger (SWE) +2 =4 -3 } 1.d4 Nf6 2.c4 e6 3.Nc3 Bb4 4.f3 d5
5.a3 Bxc3+ 6.bxc3 c5 7.cxd5 exd5 8.e3 { ?/= } 8...Qc7 9.Ne2 ( 9.Ra2 Bf5 10.g4
Be6 11.Ne2 Nc6 12.Nf4 O-O-O 13.g5 Nd7 14.Bd3 Kb8 15.O-O Nb6 16.a4 Na5 17.Rg2
Ka8 18.Bc2 Nbc4 19.Re1 g6 20.Kh1 Nc6 21.Bd3 Qa5 22.Bxc4 dxc4 23.Bd2 cxd4
24.exd4 Bd5 25.Rg3 Rhe8 26.Rh3 Rxe1+ 27.Qxe1 a6 28.Kg2 Rh8 { ...1-0, Shirov
Alexei 2580 - Lerner Konstantin Z 2560 , Lvov 1990 Zt } ) 9...O-O ( 9...Nc6
10.dxc5 O-O 11.Nf4 Qa5 12.Qb3 Qxc5 13.Be2 Bd7 14.Kf2 Na5 15.Qb4 Rac8 16.Rd1
Rfe8 17.Ra2 Nc4 18.Rd4 Nb6 19.Bd2 Ba4 20.Rb2 Qxb4 21.axb4 a6 22.b5 Nc4 23.Bxc4
dxc4 24.bxa6 bxa6 25.Rb6 Bb5 26.e4 Rb8 27.Rbd6 Rb7 28.Bc1 Nd7 29.Ba3 { ...1-0,
Volkov Sergey Viktorovich 2624 - Istratescu Andrei 2593 , Korinthos 2002 It
(open) } ) ( 9...h5 10.c4 cxd4 11.Nxd4 O-O 12.cxd5 Nxd5 13.Qb3 Nd7 14.e4 Nf4
15.Nb5 Qb8 16.Qc3 Ne6 17.Bc4 Nb6 18.Bxe6 { 1/2-1/2, Moskalenko Viktor 2508 -
Suba Mihai 2487 , Alicante 2000 It (open) } ) ( 9...cxd4 10.cxd4 Bf5 11.g4 Bc2
12.Qd2 h6 13.a4 Bh7 14.Ba3 Nc6 15.Nc3 a6 16.Rc1 Qa5 17.Be2 O-O-O 18.Qb2 Rhe8
19.Kf2 Re6 20.Bc5 Rd7 21.Bb6 Qb4 22.Qxb4 Nxb4 23.Nxd5+ Nc2 24.Nxf6 Rxf6 25.Bc5
b6 26.Bd1 bxc5 27.Bxc2 Bxc2 28.Rxc2 Rb6 29.Rxc5+ { ...1-0, Moskalenko Viktor
2508 - Mitkov Nikola 2532 , Sitges 2000 It (open) } ) 10.g4 ( 10.Ng3 Re8
11.Ra2 Nc6 12.Be2 Na5 13.O-O Bd7 14.Re1 Rac8 15.Bd3 a6 16.Rae2 Qb6 17.Kh1 cxd4
18.cxd4 Rc3 19.Bb2 Rb3 20.Qd2 Bb5 21.Bxb5 Qxb5 22.Bc1 Nc4 23.Qa2 Rd3 24.Nf1
Qa4 25.Bb2 b5 26.e4 dxe4 27.fxe4 Rd1 28.e5 Nd5 29.Nd2 Qc2 { ...0-1, Kilpi
Teemu 2161 - Oll Lembit 2600 , Helsinki 1992 It (open) } ) 10...Re8 ( 10...b6
11.Bg2 Nc6 12.O-O Ba6 13.Rf2 Bc4 14.g5 Nd7 15.e4 dxe4 16.fxe4 Rad8 17.Nf4 Ne7
18.Be3 Rfe8 19.Qf3 Nf8 20.Bf1 cxd4 21.cxd4 Bxf1 22.Raxf1 Neg6 23.Nh5 Rd7
24.Ng3 Qc3 25.Nf5 Qxa3 26.h4 Rc8 27.h5 Rc3 28.hxg6 hxg6 29.Rh2 gxf5 30.Qh5 {
...1-0, Galyas Miklos 2428 - Malakhatko Vadim 2617 , Winterthur 9.10.2006 It
(open) } ) 11.g5 ( 11.Bg2 Nc6 12.O-O h6 13.Nf4 cxd4 14.cxd4 b6 15.h4 Ba6 16.g5
Bxf1 17.Kxf1 hxg5 18.hxg5 Nh7 19.Nxd5 Qd7 20.f4 Rac8 21.Bd2 Ne7 22.Nxe7+ Rxe7
23.Qb3 Qf5 24.Kg1 Rec7 25.e4 Qg4 26.Qh3 Qe2 27.Qe3 Qb5 28.e5 Qb2 29.Rf1 Rc4
30.d5 Qd4 { ...1/2-1/2, Moskalenko Viktor 2508 - Mascaro March Pedro 2221 ,
Mallorca 2000 It (open) } ) 11...Nh5 { -0.04 CAP } 12.Kf2 Bf5 { N } ( 12...Qe7
13.h4 Nd7 14.Bh3 g6 15.Bg4 Ng7 16.h5 cxd4 17.cxd4 Nb6 18.hxg6 fxg6 19.Qg1 Bxg4
20.Qxg4 Nf5 21.Nf4 Rac8 22.Nh5 Rc2+ 23.Kg1 Nxe3 24.Nf6+ Qxf6 25.Bxe3 Qe6
26.Qxe6+ Rxe6 27.Bf4 Ree2 28.Rh2 Rxh2 29.Bxh2 Nc4 30.Bf4 Rc3 31.Rb1 b6 32.Rb5
{ ...0-1, Avila Jimenez Javier 2238 - Suba Mihai 2512 , Albacete 2. 9.2005 It
(open) } ) 13.dxc5 Nd7 14.Nd4 Bg6 15.Bb5 Nxc5 16.Bxe8 Rxe8 17.Bd2 Nd3+ 18.Kf1
Re5 19.f4 Re4 20.f5 Qc8 21.Qe2 { ?? } ( 21.Qf3 Ne5 22.Qf2 Nd3 23.Qf3 { } )
21...Bxf5 22.Qxd3 Rf4+ 23.exf4 Bxd3+ 24.Kf2 Be4 25.h3 f6 26.Rh2 fxg5 27.Rg1
Nxf4 28.Rg3 h6 29.h4 Nh5 30.hxg5 Nxg3 31.Kxg3 hxg5 32.Rf2 Qc7+ 33.Kg4 Kh7
34.Kh3 Kg6 35.Rf1 Qd7+ 36.Kg3 Qd6+ 37.Kf2 Qh2+ 38.Ke1 Bd3 39.Nf3 Qe2# { } 0-1

[Event "It (open)"]
[Site "masterchessopen.com Morelia (Mexico)"]
[Date "2007.02.18"]
[Round "6"]
[White "Milov Vadim (SUI)"]
[Black "Akobian Varuzhan (USA)"]
[Result "1-0"]
[WhiteElo "2680"]
[BlackElo "2585"]

{ Milov Vadim (SUI) +2 =5 -2 Akobian Varuzhan (USA) +0 =1 -0 } 1.d4 Nf6 2.c4
e6 3.Nc3 Bb4 4.f3 d5 5.a3 Bxc3+ 6.bxc3 c5 7.cxd5 Nxd5 8.dxc5 ( 8.Qd2 f5 9.e3
O-O 10.Nh3 Nc6 11.Be2 Qh4+ 12.Nf2 cxd4 13.cxd4 f4 14.exf4 Qxf4 15.Bb2 Ne3
16.g3 Ng2+ 17.Kd1 Ne3+ 18.Ke1 Ng2+ 19.Kd1 Ne3+ 20.Ke1 Ng2+ { 1/2-1/2, Milov
Vadim 2638 - Tzoumbas Anastasios 2352 , Iraklion 1993 It (open) } ) 8...Qa5
9.e4 Nc7 { ? } ( 9...Nf6 10.Be3 O-O 11.Qb3 Nfd7 12.Qb4 Qc7 13.Rd1 Nc6 14.Qa4
Nce5 15.Qd4 Nc6 16.Qa4 Nce5 17.Qd4 Nc6 { 1/2-1/2, Timman Jan H 2630 - Karpov
Anatoly 2730 , Tilburg 1991 It (cat.17) } ) 10.Qd4 f6 11.Qb4 ( 11.Be3 Nc6
12.Qc4 e5 13.Qb3 Be6 14.Qxb7 O-O 15.Qxc6 Rfd8 16.Kf2 Bd7 17.Qb7 Rab8 18.Bc4+
Kh8 19.Qb4 Rxb4 20.cxb4 Qa4 21.Ne2 Bb5 22.Bxb5 Nxb5 23.Rhc1 a5 24.c6 Rc8
25.bxa5 Nd4 26.Nxd4 exd4 27.Bd2 h5 28.Rab1 Qxa3 29.c7 Qd6 30.Rb6 Qxh2 {
...1-0, Moskalenko Viktor 2435 - Yakovich Yuri 2450 , URS 1987 Ch URS } )
11...Nc6 12.Qxa5 { ? } 12...Nxa5 13.Rb1 Bd7 ( 13...e5 14.f4 exf4 15.Bxf4 Ne6
16.Bd6 Bd7 17.Nf3 Rc8 18.Nd4 Nxc5 19.Nb5 Nxe4 20.Bb4 Nc6 21.Bd3 a6 22.Bxe4
axb5 23.O-O Nxb4 24.cxb4 Bc6 25.Bf5 Rd8 26.Rbe1+ Kf8 27.Rf2 g6 28.Bb1 Rd6
29.Ba2 h5 30.h4 Rh7 31.Bb1 f5 32.Kh2 Rhd7 33.Kg3 { ...0-1, Hillarp Persson
Tiger 2523 - Topalov Veselin 2757 , Benidorm 2003 It (active) } ) 14.Ne2 (
14.c4 O-O-O 15.Bd2 Nc6 16.Ne2 Be8 17.Nc3 Na6 18.Be3 Nd4 19.Kf2 Nc2 20.c6 Bxc6
21.Bxa7 Rd2+ 22.Be2 Nxa3 23.Rb3 Nc2 24.Rd1 Rhd8 25.Rxd2 Rxd2 26.Rb2 Nab4
27.Kg3 Rd7 28.Bb6 { 1-0, Murshed Niaz 2415 - Farago Ivan 2520 , Polanica Zdroj
1986 } ) 14...e5 ( 14...Na6 15.Be3 O-O ( 15...Rc8 { +0.33 CAP } ) 16.Nf4 Kf7
17.Bb5 Rfd8 18.Ke2 Nc7 19.Bd3 Rab8 20.Rb2 Bc6 21.c4 Bd7 22.Rhb1 Bc8 23.Nd5
exd5 24.cxd5 Ra8 25.Bd2 b6 26.cxb6 axb6 27.Rxb6 Bd7 28.Rc1 Nb5 29.Bxb5 Nb3
30.Rc7 Nd4+ 31.Kf2 Nxb5 32.Rxb5 Rxa3 33.Rbb7 Ke8 34.Kg3 { ...1-0, Ulibin
Mikhail 2583 - Hulak Krunoslav 2510 , Pula 2000 Ch Croatia (team) (1st league)
} ) 15.Ng3 { +1.12 CAP N } ( 15.Nd4 O-O-O 16.Nb5 Nxb5 17.Bxb5 Kc7 18.Ke2 Be6
19.Be3 Bc4+ 20.Bxc4 Nxc4 21.Rb4 Nxe3 22.Kxe3 Rd7 23.Rhb1 Kc6 24.R1b2 Rhd8
25.Ke2 Kxc5 26.Rxb7 Kc4 27.Kf2 Kxc3 28.Kg3 g6 29.a4 f5 30.exf5 gxf5 31.a5 a6
32.Rxd7 Rxd7 33.Rb6 Rg7+ 34.Kf2 Rg6 { ...1-0, Mamedyarov Shakhriyar 2674 -
Huzman Alexander 2565 , Warsaw 20. 6.2005 Ch Europe } ) 15...g6 16.f4 Ne6
17.fxe5 fxe5 18.Be3 O-O-O 19.h4 Nf4 20.h5 gxh5 { ?! } ( 20...Be6 { !? }
21.hxg6 hxg6 22.Rxh8 Rxh8 23.Bxf4 exf4 { } ) 21.Nxh5 Bc6 22.Bxf4 exf4 23.Nf6
h5 24.Rh4 Rhf8 25.e5 f3 26.gxf3 Bxf3 27.Bh3+ Kc7 28.Rf4 Bg4 { ?! } ( 28...Rd3
{ !? } 29.Kf2 Bc6 30.Bf1 Rxc3 31.Nd5+ Bxd5 32.Rxf8 Nc6 33.Rf5 { } ) 29.Bxg4
hxg4 30.Kf2 Nc6 31.Re1 Ne7 32.Kg3 Kc6 33.Kxg4 Kxc5 34.Nd7+ Rxd7 35.Rxf8 Nc6
36.e6 Rg7+ 37.Kh5 { } {#r} 1-0

[Event "Ch Moscow (1/2 final) (open)"]
[Site "masterchessopen.com Moscow (Russia)"]
[Round "8"]
[White "Yudkevich Mikhail (RUS)"]
[Black "Reshetnikov Alexey (RUS)"]
[Result "0-1"]
[WhiteElo "2157"]
[BlackElo "2388"]

1.d4 Nf6 2.c4 e6 3.Nc3 Bb4 4.f3 d5 5.a3 Bxc3+ 6.bxc3 c5 7.cxd5 exd5 8.e3 O-O
9.Bd3 b6 10.Ra2 Ba6 11.Bxa6 Nxa6 12.g4 Nc7 13.Rg2 Nfe8 14.Ne2 Nd6 15.O-O Qd7
16.Nf4 Qc6 17.g5 Rfe8 18.Nh5 Kh8 19.Kh1 cxd4 20.cxd4 Nc4 21.Qe1 Ne6 22.Qh4 Nf8
23.Qf2 Re7 24.e4 dxe4 25.fxe4 Qxe4 26.Nxg7 Kxg7 27.Qf6+ Kg8 28.g6 fxg6 {#R}
0-1